Normale Ansicht MARC-Ansicht

Eintrag Personenname

Verwendet in 1 Titel(n)

001 - Kontrollnummer

  • Kontrollfeld: 68600

003 - Kontrollnummer Identifier

  • Kontrollfeld:

005 - Datum und Zeit der letzten Transaktion

  • Kontrollfeld: 20260224112508.0

008 - Datenelemente mit fester Länge

  • Kontrollfeld mit fester Länge: 260224|| aca||aabn | a|a d

040 ## - Katalogisierungsquelle

  • Original-Katalogisierungsstelle:
  • Übertragungsstelle:

100 ## - Ansetzung - Personenname

  • Personenname: Kormina, Ž. V.
  • Vollständige Form eines Namens: Kormina, Žanna Vladimirovna

670 ## - Datenquelle

  • Quellenangabe: Work cat.: ()73800: aut Kormina, Ž. V. Kormina, Žanna Vladimirovna, Palomniki